000 00349 a2200121 4500
001 ART_10263
005 20260410161654.0
008 260409a
245 1 0 _aLa gestión de la incertidumbre
100 1 _aHamel, Gary
700 1 _aPrahalad, C. K.
773 0 _tHarvard Deusto Business Review
_g- Nº 92 (sep./oct. 1999)
_wREV521
999 _c14500
_d14500